[Event "Noisy le Grand-B 1st"]
[Site "Noisy le Grand"]
[Date "2008.12.26"]
[Round "1"]
[White "Dourerassou, Cynthia"]
[Black "Maillot, Gregory"]
[Result "0-1"]
[WhiteElo "1912"]
[BlackElo "1924"]
[PlyCount "148"]
[EventDate "2008.12.26"]
[EventType "tourn"]
[EventRounds "5"]
[EventCountry "FRA"]
[SourceTitle "EXT 2010"]
[Source "ChessBase"]
[SourceDate "2010.11.25"]
[SourceVersion "1"]
[SourceVersionDate "2010.11.25"]
[SourceQuality "1"]

1. e4 b6 2. d4 Bb7 3. Nc3 e6 4. Nf3 Bb4 5. Bd3 Nf6 6. Qe2 d5 7. e5 Ne4 8. Bd2 Nxd2 9. Nxd2 c5 10. Qg4 0-0 11. a3 Ba5 12. 0-0 cxd4 13. Qxd4 Nc6 14. Qf4 Bxc3 15. bxc3 Rc8 16. Qg3 Na5 17. f4 f5 18. exf6 Qxf6 19. Nf3 Nc4 20. Ng5 Nd2 21. Nxh7 Qh6 22. Rf2 Ne4 23. Bxe4 dxe4 24. Nxf8 Rxf8 25. Rd1 Bd5 26. f5 Qh5 27. Rdd2 Rxf5 28. Rxf5 Qxf5 29. h3 Qf8 30. Qg5 Qc5+ 31. Kh1 Qxc3 32. Kh2 Qxa3 33. c4 e3 34. Re2 Qd6+ 35. Kh1 Bxc4 36. Rxe3 b5 37. Rg3 Qf8 38. Rf3 Qe8 39. Ra3 Qd7 40. Qe3 Qd1+ 41. Kh2 Qd6+ 42. Qg3 Qb6 43. Qf3 Bd5 44. Qc3 b4 45. Qc8+ Kh7 46. Rg3 Qd6 47. Qc2+ Kg8 48. Qa4 Qe7 49. Qb5 b3 50. Qb8+ Kh7 51. Qe5 Qf6 52. Qh5+ Qh6 53. Qe5 Qf6 54. Qh5+ Kg8 55. Qe8+ Qf8 56. Qb5 Qe7 57. Rc3 Kh7 58. Qd3+ g6 59. Qg3 Qf6 60. Rc7+ Kh6 61. Qe3+ g5 62. Qxa7 Qf4+ 63. Kg1 Qe4 64. Qf2 Qf4 65. Rf7 Qxf2+ 66. Rxf2 Kg6 67. g4 Kg7 68. Kh2 Be4 69. Kg3 Bc2 70. h4 gxh4+ 71. Kxh4 b2 72. Rf1 b1Q 73. Rxb1 Bxb1 74. Kg5 e5 0-1

[Event "Champigny sur Marne op 6th"]
[Site "Champigny sur Marne"]
[Date "2006.02.18"]
[Round "3"]
[White "Le Corre, Alexandre"]
[Black "Maillot, Gregory"]
[Result "1-0"]
[WhiteElo "2110"]
[BlackElo "1903"]
[PlyCount "85"]
[EventDate "2006.02.16"]
[EventType "swiss"]
[EventRounds "6"]
[EventCountry "FRA"]
[SourceTitle "EXT 2007"]
[Source "ChessBase"]
[SourceDate "2006.11.23"]
[SourceVersion "1"]
[SourceVersionDate "2006.11.23"]
[SourceQuality "1"]

1. e4 c5 2. Nf3 Nc6 3. Nc3 e5 4. Bc4 Nf6 5. d3 Be7 6. g4 d6 7. h3 0-0 8. Be3 Nd4 9. Nh4 Nxe4 10. Ng6 hxg6 11. dxe4 Bd7 12. Bxd4 cxd4 13. Nd5 Rc8 14. Bb3 Be6 15. 0-0 Bxd5 16. Bxd5 Bg5 17. Bxb7 Rc7 18. Bd5 Bf4 19. a4 Qb8 20. Bb3 Rfc8 21. Qd3 Qb4 22. Rfd1 Kf8 23. a5 Rc5 24. Qa6 Rxc2 25. Bxc2 Rxc2 26. Qxa7 Rxf2 27. Qb6 Qxb6 28. axb6 Rxb2 29. Rdb1 Rxb6 30. Rxb6 d5 31. Rb7 Kg8 32. exd5 d3 33. d6 e4 34. Rb4 f5 35. d7 Bg5 36. Rb8+ Kh7 37. d8Q Bxd8 38. Rxd8 f4 39. g5 d2 40. Rxd2 e3 41. Rd4 f3 42. Ra8 e2 43. Rh4# 1-0

[Event "Noisy le Grand op"]
[Site "Noisy le Grand"]
[Date "2003.??.??"]
[Round "2"]
[White "Sauvetre, Alain"]
[Black "Maillot, Gregory"]
[Result "1-0"]
[WhiteElo "2085"]
[BlackElo "1750"]
[PlyCount "81"]
[EventDate "2003.05.??"]
[EventType "swiss"]
[EventRounds "7"]
[EventCountry "FRA"]
[SourceTitle "EXT 2005"]
[Source "ChessBase"]
[SourceDate "2004.11.15"]
[SourceVersion "1"]
[SourceVersionDate "2004.11.15"]
[SourceQuality "1"]

1. e4 c5 2. d4 cxd4 3. c3 d3 4. c4 g6 5. Nc3 Bg7 6. Bxd3 Nc6 7. Nf3 d6 8. Be3 Nf6 9. h3 0-0 10. 0-0 Nd7 11. Qd2 Nde5 12. Nxe5 Nxe5 13. Be2 b6 14. Rac1 Bb7 15. Nd5 Rc8 16. Rfd1 Bxd5 17. cxd5 f5 18. exf5 Rxf5 19. Rxc8 Qxc8 20. f4 Nd7 21. Rc1 Qb7 22. b4 b5 23. Bg4 Rf8 24. Be6+ Kh8 25. Bd4 Bxd4+ 26. Qxd4+ Nf6 27. Rc6 h6 28. g4 Kh7 29. Kg2 Nd7 30. Qc3 Nf6 31. Kh2 Ne4 32. Qe3 Nf6 33. Qc1 Nd7 34. Rc7 Qb6 35. f5 Qf2+ 36. Kh1 Ne5 37. Rxe7+ Rf7 38. fxg6+ Kxg6 39. Bxf7+ Nxf7 40. Qb1+ Kg7 41. Qf5 1-0

[Event "Paris Apsap op 59th"]
[Site "Paris"]
[Date "2002.12.22"]
[Round "2"]
[White "Maillot, Gregory"]
[Black "Maurice, Olivier"]
[Result "1-0"]
[WhiteElo "1610"]
[BlackElo "1810"]
[PlyCount "55"]
[EventDate "2003.01.07"]
[EventType "swiss"]
[EventRounds "7"]
[EventCountry "FRA"]
[SourceTitle "EXT 2004"]
[Source "ChessBase"]
[SourceDate "2003.11.25"]
[SourceVersion "1"]
[SourceVersionDate "2003.11.25"]
[SourceQuality "1"]

1. e4 e6 2. d4 d5 3. Nc3 Nf6 4. e5 Nfd7 5. Nce2 c5 6. c3 Nc6 7. Nf3 cxd4 8. cxd4 Bb4+ 9. Bd2 Qb6 10. a3 Bxd2+ 11. Qxd2 f6 12. Nf4 Nd8 13. Bd3 Nf7 14. exf6 Nxf6 15. 0-0 0-0 16. Rfe1 Qd6 17. h3 Bd7 18. Qe3 Rfe8 19. Ne5 Rac8 20. g4 g5 21. Ng2 Qf8 22. Nxf7 Qxf7 23. Qxg5+ Qg7 24. Qh4 h6 25. Re5 Nh7 26. Bxh7+ Qxh7 27. Nf4 Rc6 28. Rae1 1-0